000 00563nam a22002177a 4500
003 UA-OsUOA
001 73313
007 ta
008 20110221b un ||||| |||| 00| 0 ukr d
100 _aСлабошпицький М.
090 _a82
_bС47
942 _cSA
040 _aUA-OsUOA
_bukr
_cUA-OsUOA
_dUA-OsUOA
245 _aЗ мрії про хату, повну книжок...
300 _aС.177-183
955 _a0
041 _aukr
080 _a82
773 0 _w73312
650 7 _a82 Література. Літературознавство
_2UDC
999 _c359598
_d359598